Актуальные проблемы фармакологии (Запись № 3395523)

Подробности
000 -МАРКЕР
контрольное поле 02307nam0a2200397 i 4500
001 - ИДЕНТИФИКАТОР ЗАПИСИ
контрольное поле RU\NLR\bibl\1938637
005 - ИДЕНТИФИКАТОР ВЕРСИИ
контрольное поле 20260408085039.0
010 ## - МЕЖДУНАРОДНЫЙ СТАНДАРТНЫЙ НОМЕР КНИГИ (ISBN)
Номер (ISBN) 9785944762511
Тираж 100
021 ## - НОМЕР ГОСУДАРСТВЕННОЙ РЕГИСТРАЦИИ
Код страны Российская Федерация
Номер 2012-58472
Номер Листа государственной регистраци 4276
035 ## - ДРУГИЕ СИСТЕМНЫЕ НОМЕРА
Идентификатор записи (nilc)RSL-KNO-005477790
035 ## - ДРУГИЕ СИСТЕМНЫЕ НОМЕРА
Идентификатор записи (NLR Aleph) 001927924
100 ## - ДАННЫЕ ОБЩЕЙ ОБРАБОТКИ
Данные общей обработки 20120813d2011 k y0rusy50 ca
101 0# - ЯЗЫК РЕСУРСА
Язык текста, звукозаписи и т.д. русский
102 ## - СТРАНА ПУБЛИКАЦИИ ИЛИ ПРОИЗВОДСТВА
Страна публикации Российская Федерация
105 ## - ПОЛЕ КОДИРОВАННЫХ ДАННЫХ: ТЕКСТОВЫЕ МАТЕРИАЛЫ, МОНОГРАФИЧЕСКИЕ
Кодированные данные о монографическом текстовом документе c |||||||||
200 1# - ЗАГЛАВИЕ И СВЕДЕНИЯ ОБ ОТВЕТСТВЕННОСТИ
Основное заглавие Актуальные проблемы фармакологии
Сведения, относящиеся к заглавию материалы научной конференции молодых ученых и аспирантов, посвященной 120-летию кафедры фармакологии СибГМУ и 90-летию со дня рождения профессора А.С. Саратикова
Первые сведения об ответственности под ред. А.И. Венгеровского, О.Е. Ваизовой
210 ## - ПУБЛИКАЦИЯ, РАСПРОСТРАНЕНИЕ И ДР.
Место издания, распространения и т.д. Томск
Имя издателя, распространителя и т. д. Изд-во Печатная мануфактура
Дата издания, распространения и т.д. 2011
215 ## - ФИЗИЧЕСКАЯ ХАРАКТЕРИСТИКА
Специфическое обозначение материала и объем 81 с.
Другие сведения о физической характеристике портр.
Размеры 20
300 ## - ОБЩИЕ ПРИМЕЧАНИЯ
Текст примечания В надзаг.: М-во здравоохранения и социал. развития Рос. Федерации, Гос. бюджет. образоват. учреждение высш. проф. образования "Сиб. гос. мед. ун-т", Каф. фармакологии
320 ## - ПРИМЕЧАНИЯ О НАЛИЧИИ В ДОКУМЕНТЕ БИБЛИОГРАФИИ / УКАЗАТЕЛЯ
Текст примечания Библиогр. в конце ст.
600 #1 - ИМЯ ЛИЦА КАК ПРЕДМЕТ
Начальный элемент ввода Саратиков
Часть имени, кроме начального элемента ввода А.С.
Даты 1921 - 2004
Расширение инициалов личного имени Альберт Самойлович
Системный номер авторитетной/нормативной записи 2126286
Идентификатор авторитетной/нормативной записи RU\NLR\auth\661587155
606 1# - НАИМЕНОВАНИЕ ТЕМЫ КАК ПРЕДМЕТ
Наименование темы Фармакология
Формальный подзаголовок Съезды, совещания и т.п.
Системный номер авторитетной/нормативной записи 935345
Идентификатор авторитетной/нормативной записи RU\NLR\auth\6626577
686 ## - ИНДЕКСЫ ДРУГИХ КЛАССИФИКАЦИЙ
Индекс Р28я431(2)
Код системы
686 ## - ИНДЕКСЫ ДРУГИХ КЛАССИФИКАЦИЙ
Индекс Р28я431(2)
686 ## - ИНДЕКСЫ ДРУГИХ КЛАССИФИКАЦИЙ
Индекс Р.г(2)7д.Саратиков
702 #1 - ИМЯ ЛИЦА - ВТОРИЧНАЯ ОТВЕТСТВЕННОСТЬ
Начальный элемент ввода Венгеровский
Часть имени, кроме начального элемента ввода А. И.
Расширение инициалов личного имени Александр Исаакович
Код отношения Редактор
702 #1 - ИМЯ ЛИЦА - ВТОРИЧНАЯ ОТВЕТСТВЕННОСТЬ
Начальный элемент ввода Саратиков
Часть имени, кроме начального элемента ввода А. С.
Даты 1921-2004
Расширение инициалов личного имени Альберт Самойлович
Код отношения Прочие
712 02 - НАИМЕНОВАНИЕ ОРГАНИЗАЦИИ - ВТОРИЧНАЯ ОТВЕТСТВЕННОСТЬ
Код отношения Прочие
Начальный элемент ввода Сибирский государственный медицинский университет
Структурное подразделение Кафедра фармакологии
Идентифицирующий признак Томск
Системный номер авторитетной/нормативной записи 337985
Идентификатор авторитетной/нормативной записи RU\NLR\AUTH\8810226687
801 #0 - ИСТОЧНИК ЗАПИСИ
Страна Российская Федерация
Организация RuMoRKP
Дата составления 20120813
Правила каталогизации rcr
801 #1 - ИСТОЧНИК ЗАПИСИ
Страна Российская Федерация
Организация РГБ
Дата составления 20120813
801 #2 - ИСТОЧНИК ЗАПИСИ
Страна Российская Федерация
Организация NLR
Дата составления 20120829
Правила каталогизации rcr
830 ## - ОБЩЕЕ ПРИМЕЧАНИЕ, СОСТАВЛЕННОЕ КАТАЛОГИЗАТОРОМ
Текст примечания Ред. по ЭК
942 ## - ДОПОЛНИТЕЛЬНЫЕ ЭЛЕМЕНТЫ ЗАПИСИ (АБИС)
Тип экземпляра АБИС Книга
980 ## - КОЛЛЕКЦИЯ
Название коллекции НБР

Нет доступных экземпляров.